000
00293nam a22001337a 4500
008
170601b xxu||||| |||| 00| 0 eng d
020
_a
0130623326
041
_a
eng
080
_2
3RD
_a
94
100
_a
17
101
_a
SHH
245
_a
A BASIC HISTORY OF ART
_c
JANSON,H.W
942
_2
udc
_c
BK
999
_c
15340
_d
15340